[Event "Berlin Lieb Memorial 5th"]
[Site "Berlin"]
[Date "2019.05.03"]
[Round "1"]
[White "Weber, Erwin"]
[Black "Krawatzki, Armin"]
[Result "1-0"]
[WhiteElo "2033"]
[BlackElo "1647"]
[PlyCount "50"]
[EventDate "2019.05.03"]
[EventType "swiss"]
[EventRounds "7"]
[EventCountry "GER"]
[SourceTitle "EXT 2020"]
[Source "ChessBase"]
[SourceDate "2019.10.17"]
[SourceVersion "1"]
[SourceVersionDate "2019.10.17"]
[SourceQuality "1"]

1. d4 e6 2. Nf3 Nf6 3. e3 d5 4. Bd3 c5 5. b3 Nc6 6. Bb2 Bd6 7. Nbd2 a5 8. a3 b6 9. Qe2 Qc7 10. 0-0 0-0 11. dxc5 bxc5 12. e4 d4 13. Nc4 e5 14. Bc1 h6 15. Bd2 Be6 16. Nh4 Be7 17. g3 Nd7 18. Nf5 Bf6 19. Qf3 Bxf5 20. Qxf5 Ne7 21. Qg4 Ng6 22. f4 exf4 23. gxf4 Kh8 24. e5 Ngxe5 25. fxe5 Bxe5 1-0

[Event "Berlin Cup op"]
[Site "Berlin"]
[Date "2018.09.13"]
[Round "3"]
[White "Weber, Erwin"]
[Black "Gevorkian, Spartac"]
[Result "1-0"]
[WhiteElo "1945"]
[BlackElo "1675"]
[PlyCount "85"]
[EventDate "2018.08.30"]
[EventType "swiss"]
[EventRounds "5"]
[EventCountry "GER"]
[SourceTitle "EXT 2022"]
[Source "ChessBase"]
[SourceDate "2021.10.06"]
[SourceVersion "1"]
[SourceVersionDate "2021.10.06"]
[SourceQuality "1"]

1. d4 Nf6 2. Bf4 d5 3. e3 g6 4. Nf3 Bg7 5. Nbd2 0-0 6. h3 c5 7. c3 Nbd7 8. Bd3 b6 9. b4 a5 10. bxc5 bxc5 11. Qe2 Bb7 12. Rb1 Bc6 13. 0-0 Re8 14. Bh2 Ne4 15. Rfc1 Nxd2 16. Qxd2 e5 17. Bb5 Qc8 18. a4 exd4 19. exd4 c4 20. Re1 Rxe1+ 21. Qxe1 Nb6 22. Ne5 Bxe5 23. Qxe5 Nd7 24. Qd6 Rb8 25. h4 Rb6 26. Qc7 Qe8 27. Be5 Bxb5 28. axb5 a4 29. Qa7 Qc8 30. Qxa4 Nxe5 31. dxe5 Qf5 32. Re1 Qd7 33. Rb1 Qf5 34. Qb4 Qxe5 35. Ra1 Qb8 36. Ra5 Kg7 37. Qc5 Qd6 38. Qd4+ f6 39. Ra7+ Kg8 40. Ra8+ Kg7 41. Ra7+ Kg8 42. Qe3 f5 43. Qh6 1-0

[Event "Berlin Eckbauer op 20th"]
[Site "Berlin"]
[Date "2017.10.16"]
[Round "2"]
[White "Weber, Erwin"]
[Black "Moewisch, Dave"]
[Result "1/2-1/2"]
[WhiteElo "2052"]
[BlackElo "1771"]
[PlyCount "76"]
[EventDate "2017.10.09"]
[EventType "swiss"]
[EventRounds "7"]
[EventCountry "GER"]
[SourceTitle "CBM 189 Extra"]
[Source "ChessBase"]
[SourceDate "2019.06.03"]
[SourceVersion "1"]
[SourceVersionDate "2019.06.03"]
[SourceQuality "1"]

1. d4 d5 2. Nf3 Nf6 3. e3 e6 4. Bd3 c5 5. b3 Nc6 6. Nbd2 Bd6 7. Bb2 0-0 8. 0-0 b6 9. Ne5 Nb4 10. Be2 Bb7 11. a3 Nc6 12. f4 cxd4 13. exd4 Qc7 14. Bd3 Ne7 15. Qe2 Rac8 16. c4 dxc4 17. bxc4 Rfd8 18. Rae1 Nc6 19. Ndf3 h6 20. Rd1 Qe7 21. Qe3 Rc7 22. Rfe1 Rdc8 23. Kh1 Nd8 24. Rc1 Kh8 25. Nh4 Bxe5 26. fxe5 Ng4 27. Qg3 Qg5 28. h3 Nxe5 29. Qxe5 Qxh4 30. d5 f6 31. Qd6 Nf7 32. Qxe6 Rg8 33. Qf5 Ng5 34. Qg6 Rf7 35. Bf5 Bc8 36. Be6 Nxe6 37. dxe6 Re7 38. Qf5 Rge8 1/2-1/2

[Event "Berlin-ch MT"]
[Site "Berlin"]
[Date "2017.04.16"]
[Round "8"]
[White "Wierzbicki, Jirawat"]
[Black "Weber, Erwin"]
[Result "0-1"]
[WhiteElo "2093"]
[BlackElo "2077"]
[PlyCount "100"]
[EventDate "2017.04.10"]
[EventType "swiss"]
[EventRounds "9"]
[EventCountry "GER"]
[SourceTitle "CBM 189 Extra"]
[Source "ChessBase"]
[SourceDate "2019.06.03"]
[SourceVersion "1"]
[SourceVersionDate "2019.06.03"]
[SourceQuality "1"]

1. e4 e6 2. d3 d5 3. Qe2 dxe4 4. dxe4 e5 5. Nf3 c6 6. c3 Qc7 7. g3 Nf6 8. Bg2 a5 9. 0-0 Bc5 10. Bg5 Nbd7 11. Nbd2 0-0 12. h3 a4 13. a3 b6 14. Be3 Ba6 15. c4 Bxe3 16. Qxe3 Nc5 17. Rfd1 Rad8 18. Bf1 Rd7 19. Qc3 Rfd8 20. Re1 Bc8 21. b4 axb3 22. Nxb3 Nfxe4 23. Qb2 Nxb3 24. Qxb3 Nc5 25. Qb2 e4 26. Nh2 Rd2 27. Qb4 Qd6 28. Rab1 Qf6 29. Re2 e3 30. fxe3 Ne4 31. Rb2 Rd1 32. Rbc2 Bxh3 33. Re1 R1d2 34. Re2 Rxc2 35. Rxc2 Rd1 36. Qxb6 Rxf1+ 37. Nxf1 Qxf1+ 38. Kh2 h6 39. Qb8+ Kh7 40. Qf4 Qd3 41. Rb2 Ng5 42. Rf2 Be6 43. g4 Qxa3 44. Qd4 Qb3 45. Rf4 Bxg4 46. Kg3 Be6 47. Rh4 Qb1 48. Kg2 Qc2+ 49. Kg3 Bf5 50. Rh1 Qe2 0-1

[Event "Berlin Eckbauer op 19th"]
[Site "Berlin"]
[Date "2016.11.07"]
[Round "4"]
[White "Weber, Erwin"]
[Black "Gebigke, Martin"]
[Result "0-1"]
[WhiteElo "2080"]
[BlackElo "2121"]
[PlyCount "104"]
[EventDate "2016.10.10"]
[EventType "swiss"]
[EventRounds "7"]
[EventCountry "GER"]
[SourceTitle "EXT 2022"]
[Source "ChessBase"]
[SourceDate "2021.10.06"]
[SourceVersion "1"]
[SourceVersionDate "2021.10.06"]
[SourceQuality "1"]

1. Nf3 Nf6 2. d4 e6 3. e3 b6 4. Bd3 Bb7 5. Nbd2 c5 6. b3 Be7 7. Bb2 0-0 8. 0-0 cxd4 9. exd4 Nc6 10. a3 Rc8 11. c4 d5 12. Rc1 Bd6 13. Ne5 dxc4 14. Ndxc4 Bb8 15. Bb1 Ne7 16. Re1 b5 17. Nd2 Rxc1 18. Qxc1 Qd5 19. Ne4 Rc8 20. Qg5 Bxe5 21. dxe5 Nxe4 22. Bxe4 Qd7 23. Bxb7 Qxb7 24. Qd2 h6 25. h3 a6 26. Kh2 Nf5 27. Qd3 Qb6 28. Re2 Rd8 29. Qe4 h5 30. g4 hxg4 31. hxg4 Ne7 32. f3 Rd1 33. Rg2 Nd5 34. Kg3 g6 35. Qe2 Rh1 36. Qe4 Qd8 37. Rh2 Rxh2 38. Kxh2 Qh4+ 39. Kg2 Qg5 40. Bd4 Qd2+ 41. Bf2 g5 42. Kf1 Qd1+ 43. Be1 Qxb3 44. Bb4 Qd1+ 45. Kf2 Nf4 46. Qa8+ Kh7 47. Qe4+ Kg7 48. Be7 Qd2+ 49. Kf1 a5 50. Bxg5 Qd1+ 51. Kf2 Nh3+ 52. Kg3 Nxg5 0-1

[Event "Berlin Eckbauer op 18th"]
[Site "Berlin"]
[Date "2015.10.05"]
[Round "1"]
[White "Weiss, Daniel"]
[Black "Weber, Erwin"]
[Result "0-1"]
[WhiteElo "1742"]
[BlackElo "2080"]
[PlyCount "94"]
[EventDate "2015.10.05"]
[EventType "swiss"]
[EventRounds "7"]
[EventCountry "GER"]
[SourceTitle "EXT 2022"]
[Source "ChessBase"]
[SourceDate "2021.10.06"]
[SourceVersion "1"]
[SourceVersionDate "2021.10.06"]
[SourceQuality "1"]

1. d4 f5 2. Nf3 Nf6 3. Bf4 g6 4. e3 Bg7 5. Nbd2 d6 6. Bd3 0-0 7. c3 e6 8. Qb3 Kh8 9. h3 Nc6 10. Qc2 Qe7 11. Bh2 e5 12. dxe5 dxe5 13. Bb5 e4 14. Bxc6 bxc6 15. Nd4 c5 16. Nb5 Ba6 17. Nxc7 Bd3 18. Qb3 Rac8 19. Nb5 Qd7 20. c4 Nd5 21. Nxa7 Nb4 22. Nxc8 Nc2+ 23. Kd1 Nxa1 24. Nb6 Qa7 25. Qb5 Qxa2 26. Na4 Bc2+ 27. Ke2 Bxa4 28. Qxc5 Qxb2 29. Rb1 Qc3 30. Qd6 Nb3 31. Be5 Qxe5 32. Qxe5 Bxe5 33. Nxb3 Rb8 34. Nd2 Rxb1 35. Nxb1 Bc2 36. Nd2 Bd3+ 37. Ke1 Bd6 38. c5 Bxc5 39. Nb3 Bb6 40. Kd2 Bf1 41. Nd4 Bxg2 42. h4 Bxd4 43. exd4 Kg7 44. Ke3 Kf6 45. Kf4 Bf1 46. f3 exf3 47. Kxf3 Bc4 0-1